000 00746nam a2200301Ia 4500
003 GCL
008 140319s9999 xx 000 0 eng d
040 _aGCL /
_cGCL
082 0 4 _a150
_bM I
100 1 _aMORGAN, CLIFFORD
245 1 0 _aINTRODUCTION TO PSYCHOLOGY /
_cMORGAN, CLIFFORD
700 1 _aMORGAN, EILEEN
700 1 _aKING, RICHARD A
260 _a[S.N] :
_bMC GRAW - HILL ،
_c1971
300 _a784 P
650 0 4 _aBEHAVIOUR
650 0 4 _aMOTIVATION
650 0 4 _aLEARNING
650 0 4 _aNERVOUS SYSTEM
650 0 4 _aPSYCHOLOGICAL TESTS
650 0 4 _aPERSONALITY
650 0 4 _aEMOTIONS
650 0 4 _aPERCEPTION
650 0 4 _aREMEMBERING
650 0 4 _aCONFLICT
650 0 4 _aSENSROY PROCESSES
942 _2ddc
_cBK
999 _c15256
_d15256